000 00658nam a2200253 a 4500
001 nice12345678
003 IN_TiNIC
005 20260116011607.0
008 050524s1963 lona grp 000 0 eng
020 _a
_c17.5
082 0 0 _a954.0357
_bFUR
100 _aFurneaux, Rupert
245 _aMassacre at Amritsar
260 _aLondon
_bGeorge Allen and Unwin Ltd
_c1963
300 _a183p
500 _aincludes index and biblioraphy
505 2 _aIllus, Bibliography, Index
650 _aJallianwala Bagh-Massacre
650 _aIndia-History Jallianwala Bagh
700 1 _aFurneaux, Rupert
902 _bSRS
942 _cBK
999 _c2800
_d2800